000 00703nam a2200253Ia 4500
003 OSt
005 20220918172658.0
006 a|||||r|||| 00| 0
007 ta
008 220917b |||||||| |||| 00| 0 eng d
024 _a2,124
037 _cTextual
040 _aARTS
_cARTS
_beng
041 _2eng
_aeng
082 _aY:1, G3;IK0
100 _aLeavis F R
245 0 _aCulture and environment
_b The training of critical awareness
260 _aLondon
_bChatto and Windus UK
_c1960
300 _a150p.
_ccm.
650 _aENGLISH LITERATURE
700 _a Thompson Denys
_942676
942 _hY:1, G3;IK0
_cTEXL
_2CC
999 _c145095
_d145095